00302nam a22000977a 4500082001500000245009900015260002400114300002100138526003700159650000800196 a629.4bNAT aThe study on national transport plan in the Islamic Republic of Pakistan: Final report summary bA. C. P. C. Ic1995 aVarious Paging,; a0b0c0d629_400000000000000_NAT aMCE